[Event "Scarborough CC-ch"]
[Site "Toronto CAN"]
[Date "2018.05.17"]
[Round "7.1"]
[White "Xu, Jeffrey"]
[Black "Lei, Sean"]
[Result "1-0"]
[WhiteElo "2151"]
[BlackElo "2153"]
[PlyCount "73"]
[EventDate "2018.04.05"]
[EventType "swiss"]
[EventRounds "6"]
[EventCountry "CAN"]

1. e4 c5 2. Nf3 d6 3. Bd3 g6 4. O-O Bg7 5. c3 e5 6. Bc2 Ne7 7. a3 O-O 8. d3 h6
9. Re1 Qc7 10. Bb3 Nbc6 11. Be3 Kh7 12. d4 Na5 13. Ba2 c4 14. Nbd2 Bd7 15. Qe2
b5 16. Bb1 Nc8 17. Bc2 Nb6 18. Nf1 Rae8 19. dxe5 dxe5 20. Ng3 Be6 21. h4 f6 22.
h5 g5 23. Rad1 Rd8 24. Rxd8 Rxd8 25. Nd2 Nd7 26. Ndf1 Nc5 27. Bxc5 Qxc5 28. Ne3
Nc6 29. Ngf5 Bxf5 30. Nxf5 Bf8 31. Ne3 Kg7 32. Qf3 Kf7 33. Nd5 Bg7 34. b4 Qd6
35. a4 Ne7 36. axb5 Nxd5 37. exd5 1-0

[Event "Scarborough CC-ch"]
[Site "Toronto CAN"]
[Date "2018.05.17"]
[Round "7.2"]
[White "Issani, Nameer"]
[Black "Stefanovic, Miroslav"]
[Result "1-0"]
[WhiteElo "1987"]
[BlackElo "2047"]
[PlyCount "75"]
[EventDate "2018.04.05"]
[EventType "swiss"]
[EventRounds "6"]
[EventCountry "CAN"]

1. d4 Nf6 2. c4 c5 3. d5 g6 4. Nc3 Bg7 5. e4 d6 6. h3 O-O 7. Nf3 e6 8. Bd3 exd5
9. exd5 Re8+ 10. Be3 Bh6 11. Qd2 Na6 12. O-O Bxe3 13. fxe3 Nc7 14. Qf2 Rf8 15.
Ng5 Kg7 16. Qxf6+ Qxf6 17. Rxf6 Kxf6 18. Nxh7+ Kg7 19. Nxf8 Kxf8 20. Kf2 Bd7
21. Ke2 Ke7 22. Kd2 f5 23. e4 a6 24. exf5 gxf5 25. Rf1 Rf8 26. Ne2 b5 27. b3
Kf6 28. g4 Ke5 29. Ng3 bxc4 30. bxc4 Rh8 31. Nxf5 Rxh3 32. Re1+ Kf6 33. Nxd6
Rh2+ 34. Kc3 Bxg4 35. Ne4+ Kf7 36. a4 Rh4 37. Nxc5 Bc8 38. d6 1-0

[Event "Scarborough CC-ch"]
[Site "Toronto CAN"]
[Date "2018.05.17"]
[Round "7.3"]
[White "Li, William"]
[Black "Hay, Jonathan"]
[Result "1-0"]
[WhiteElo "2227"]
[BlackElo "2012"]
[PlyCount "47"]
[EventDate "2018.04.05"]
[EventType "swiss"]
[EventRounds "6"]
[EventCountry "CAN"]

1. e4 c6 2. Nc3 d5 3. Nf3 Nf6 4. e5 Ne4 5. d4 Bg4 6. Be2 e6 7. O-O Be7 8. Be3
c5 9. dxc5 Nxc5 10. Nd4 Bxe2 11. Qxe2 Nc6 12. f4 g6 13. Rad1 Nd7 14. f5 Nxd4
15. Bxd4 Bc5 16. Bxc5 Nxc5 17. fxe6 fxe6 18. Qb5+ Nd7 19. Rf6 Qe7 20. Ne4 dxe4
21. Rxd7 Qxd7 22. Rxe6+ Kd8 23. Rd6 Qxd6 24. exd6 1-0

[Event "Scarborough CC-ch"]
[Site "Toronto CAN"]
[Date "2018.05.17"]
[Round "7.4"]
[White "Southam, David"]
[Black "Noor Ali, Aahil"]
[Result "1-0"]
[WhiteElo "2174"]
[BlackElo "2132"]
[PlyCount "207"]
[EventDate "2018.04.05"]
[EventType "swiss"]
[EventRounds "6"]
[EventCountry "CAN"]

1. d4 Nf6 2. c4 e6 3. Nc3 d5 4. cxd5 exd5 5. Bg5 Be7 6. e3 Nbd7 7. Bd3 b6 8.
Nf3 Bb7 9. h3 O-O 10. Rc1 Rc8 11. O-O c6 12. Bf4 Re8 13. a3 Nf8 14. b4 Bd6 15.
Ne5 Ng6 16. Nxg6 hxg6 17. Bxd6 Qxd6 18. Qb3 g5 19. Qd1 Rc7 20. Qf3 Bc8 21. Bf5
g6 22. Bxc8 Rcxc8 23. Rc2 Kg7 24. Rfc1 Qd7 25. Ne2 Rh8 26. g4 Ne4 27. Ng3 Nxg3
28. Qxg3 b5 29. Qe5+ f6 30. Qg3 Qe6 31. Kf1 Kf7 32. Ke2 Ke7 33. Kd2 Qd6 34. Qf3
Kd7 35. Rc5 Qe6 36. a4 a6 37. Ra1 Ra8 38. Rc2 f5 39. Rca2 fxg4 40. Qxg4 bxa4
41. Rxa4 Qxg4 42. hxg4 Rhb8 43. Rxa6 Rxa6 44. Rxa6 Rxb4 45. Ke2 Rb2+ 46. Kf3
Rb8 47. Ra7+ Ke6 48. Rc7 Kd6 49. Rg7 Rf8+ 50. Kg3 Rf6 51. Rg8 Re6 52. Kh2 Rf6
53. Kg2 Kd7 54. Kg3 Re6 55. Ra8 Kc7 56. Ra3 Re4 57. f3 Re8 58. Ra7+ Kd6 59. Kf2
Rf8 60. Rg7 Rf6 61. Rg8 Kd7 62. Ke2 Kc7 63. Re8 Kd6 64. Re5 c5 65. Rxg5 c4 66.
Re5 Rf8 67. Rg5 Rf6 68. f4 Re6 69. Re5 Rf6 70. Kd2 Rf8 71. Rg5 Rf6 72. Kc3 Kc6
73. Re5 Kd6 74. Re8 Rf7 75. Rg8 Rf6 76. Re8 Rf7 77. Re5 Rf6 78. Kb4 Rf8 79. Rg5
Rf6 80. f5 gxf5 81. gxf5 Kd7 82. e4 dxe4 83. Kxc4 Kd6 84. Rh5 Kc6 85. d5+ Kd6
86. Kd4 e3 87. Kxe3 Ke5 88. Rg5 Kxd5 89. Kf4 Kd4 90. Rg1 Kd5 91. Rd1+ Kc6 92.
Kg5 Rf8 93. f6 Rg8+ 94. Kf5 Rg2 95. f7 Rf2+ 96. Kg6 Rg2+ 97. Kf6 Rf2+ 98. Kg7
Rg2+ 99. Kf8 Rg3 100. Rh1 Kd7 101. Rh8 Ke6 102. Ke8 Ra3 103. Rh6+ Ke5 104. f8=Q
1-0

[Event "Scarborough CC-ch"]
[Site "Toronto CAN"]
[Date "2018.05.17"]
[Round "7.5"]
[White "Wang, Thomas"]
[Black "Yie, Kevin"]
[Result "0-1"]
[WhiteElo "1785"]
[BlackElo "2150"]
[PlyCount "110"]
[EventDate "2018.04.05"]
[EventType "swiss"]
[EventRounds "6"]
[EventCountry "CAN"]

1. e4 c5 2. Nf3 e6 3. Nc3 Nc6 4. Bb5 Qc7 5. O-O Nge7 6. d3 a6 7. Ba4 g6 8. Be3
d6 9. e5 Nf5 10. exd6 Bxd6 11. Bg5 O-O 12. Bxc6 Qxc6 13. Ne4 b6 14. Nxd6 Qxd6
15. Re1 f6 16. Bd2 Bb7 17. Bc3 e5 18. Nd2 Rae8 19. Ne4 Qc6 20. f3 Re6 21. Qd2
Rfe8 22. Qf2 Nd4 23. Ng3 Qd7 24. Nf1 f5 25. b3 Qc6 26. Ng3 a5 27. a4 Qd5 28.
Bb2 Qd7 29. Rad1 Qe7 30. Rd2 Qc7 31. Ne2 Nc6 32. Nc3 Nd4 33. Ne4 Nc6 34. Nc3
Nb4 35. Nb5 Qe7 36. Na3 Bd5 37. Rde2 e4 38. fxe4 fxe4 39. dxe4 Bxe4 40. Qg3 Qb7
41. Qc3 R8e7 42. Qh8+ Kf7 43. Qxh7+ Ke8 44. Qh3 Qd5 45. Bc3 Qg5 46. Bxb4 axb4
47. Nc4 Bxg2 48. Qh8+ Kd7 49. Nxb6+ Kc7 50. Qc8+ Kxb6 51. Rxe6+ Bc6+ 52. Kf2
Qf5+ 53. Kg3 Qf3+ 54. Kh4 Rh7+ 55. Kg5 Qf5# 0-1

[Event "Scarborough CC-ch"]
[Site "Toronto CAN"]
[Date "2018.05.24"]
[Round "8.1"]
[White "Lei, Sean"]
[Black "Li, William"]
[Result "1/2-1/2"]
[WhiteElo "2153"]
[BlackElo "2227"]
[PlyCount "37"]
[EventDate "2018.04.05"]
[EventType "swiss"]
[EventRounds "6"]
[EventCountry "CAN"]

1. d4 Nf6 2. Nf3 b6 3. e3 Bb7 4. Bd3 g6 5. c4 Bg7 6. Nc3 O-O 7. O-O d6 8. e4
Nbd7 9. b3 e5 10. dxe5 dxe5 11. Qe2 Nh5 12. Rd1 Nc5 13. Bc2 Qe8 14. Ba3 Nf4 15.
Qe1 Nfe6 16. b4 Nd7 17. Ba4 c6 18. Rd3 a6 19. Rad1 1/2-1/2

[Event "Scarborough CC-ch"]
[Site "Toronto CAN"]
[Date "2018.05.24"]
[Round "8.2"]
[White "Feng, Richard"]
[Black "Issani, Nameer"]
[Result "0-1"]
[WhiteElo "2075"]
[BlackElo "1987"]
[PlyCount "56"]
[EventDate "2018.04.05"]
[EventType "swiss"]
[EventRounds "6"]
[EventCountry "CAN"]

1. e4 e5 2. Nf3 Nc6 3. Bc4 Bc5 4. c3 Nf6 5. d3 d6 6. Bb3 a6 7. Nbd2 Ba7 8. h3
Ne7 9. Nf1 Ng6 10. Ng3 h6 11. d4 O-O 12. O-O c6 13. Re1 Re8 14. Qc2 Qc7 15. Nf5
exd4 16. Nxh6+ gxh6 17. Bxh6 Be6 18. Bxe6 Rxe6 19. cxd4 Rae8 20. d5 Rxe4 21.
Rxe4 Nxe4 22. Re1 Bxf2+ 23. Qxf2 Nxf2 24. Rxe8+ Kh7 25. Be3 Nd3 26. Ng5+ Kg7
27. Bd4+ Nde5 28. Re6 cxd5 0-1

[Event "Scarborough CC-ch"]
[Site "Toronto CAN"]
[Date "2018.05.24"]
[Round "8.3"]
[White "Wang, Thomas"]
[Black "Zheng, Kevin"]
[Result "0-1"]
[WhiteElo "1785"]
[BlackElo "2022"]
[PlyCount "50"]
[EventDate "2018.04.05"]
[EventType "swiss"]
[EventRounds "6"]
[EventCountry "CAN"]

1. e4 c5 2. Nf3 Nc6 3. Bb5 g6 4. O-O Bg7 5. c3 e5 6. d3 Nge7 7. Be3 d6 8. Nbd2
O-O 9. Re1 Kh8 10. a4 f5 11. Bg5 f4 12. Bxc6 bxc6 13. Rb1 h6 14. Bxe7 Qxe7 15.
b4 cxb4 16. Rxb4 c5 17. Rb3 g5 18. Nc4 g4 19. Nfd2 Be6 20. Qb1 Qh4 21. g3 Qh3
22. Rb2 h5 23. Kh1 fxg3 24. fxg3 Rf2 25. Re2 Qg2# 0-1

[Event "Scarborough CC-ch"]
[Site "Toronto CAN"]
[Date "2018.05.24"]
[Round "8.4"]
[White "Noor Ali, Aahil"]
[Black "Huang, Youhe"]
[Result "1/2-1/2"]
[WhiteElo "2132"]
[BlackElo "1848"]
[PlyCount "111"]
[EventDate "2018.04.05"]
[EventType "swiss"]
[EventRounds "6"]
[EventCountry "CAN"]

1. d4 Nf6 2. c4 g6 3. Nc3 Bg7 4. e4 d6 5. f3 O-O 6. Be3 e5 7. Nge2 Nc6 8. d5
Ne7 9. g4 Ne8 10. Ng3 f5 11. gxf5 gxf5 12. Bg5 h6 13. Bh4 Nf6 14. Rg1 Kh7 15.
exf5 Nxf5 16. Bd3 e4 17. Bxe4 Qe8 18. Bxf6 Rxf6 19. Qe2 Kh8 20. Nxf5 Bxf5 21.
Bxf5 Rxf5 22. Ne4 Qh5 23. Rg4 Qf7 24. Rg3 Rf8 25. O-O-O Rxf3 26. Rxf3 Qxf3 27.
Qxf3 Rxf3 28. Rd2 Be5 29. Rg2 Rf4 30. Nd2 Rh4 31. Kc2 h5 32. b3 Rxh2 33. Rxh2
Bxh2 34. Kd3 h4 35. Nf3 Bg3 36. Ng5 Kg7 37. Ke4 Kf6 38. Nh3 a6 39. a3 c5 40. a4
a5 41. Ke3 Ke5 42. Ng1 Kf5 43. Kf3 Ke5 44. Ke3 Bf4+ 45. Kd3 Bh2 46. Ne2 h3 47.
Ke3 Kf5 48. Kf3 Be5 49. Ng3+ Bxg3 50. Kxg3 Ke5 51. Kxh3 Kf5 52. Kg3 Kg5 53. Kf3
Kf5 54. Kg3 Kg5 55. Kf3 Kf5 56. Kg3 1/2-1/2

[Event "Semiahmoo op"]
[Site "White Rock CAN"]
[Date "2018.08.04"]
[Round "1.1"]
[White "Nunez Asencio, Jorge"]
[Black "Salcedo, Daniel E"]
[Result "1-0"]
[WhiteElo "2231"]
[BlackElo "1999"]
[PlyCount "41"]
[EventDate "2018.08.04"]
[EventType "swiss"]
[EventRounds "6"]
[EventCountry "CAN"]

1. d4 Nf6 2. c4 g6 3. Nc3 d5 4. cxd5 Nxd5 5. Bd2 Bg7 6. e4 Nxc3 7. Bxc3 O-O 8.
Rc1 c6 9. Be2 b5 10. Nf3 Qb6 11. Qd2 a5 12. b3 Rd8 13. Qf4 h6 14. Ne5 Be6 15.
Ba1 Nd7 16. Nxc6 Re8 17. O-O Nf6 18. d5 Bxd5 19. exd5 Nxd5 20. Qf3 Bxa1 21.
Qxd5 1-0

[Event "Semiahmoo op"]
[Site "White Rock CAN"]
[Date "2018.08.04"]
[Round "1.2"]
[White "Doknjas, Neil"]
[Black "Hemstapat, Andrew"]
[Result "1-0"]
[WhiteElo "1989"]
[BlackElo "2225"]
[PlyCount "93"]
[EventDate "2018.08.04"]
[EventType "swiss"]
[EventRounds "6"]
[EventCountry "CAN"]

1. e4 e6 2. d4 d5 3. Nc3 Nf6 4. Bg5 Be7 5. e5 Nfd7 6. Bxe7 Qxe7 7. f4 a6 8. Nf3
c5 9. dxc5 Nc6 10. a3 Qxc5 11. Qd2 b5 12. b4 Qb6 13. Bd3 f6 14. exf6 Nxf6 15.
Qf2 Qc7 16. Ne2 O-O 17. O-O Bd7 18. Qc5 Rac8 19. a4 Qb8 20. axb5 Na7 21. Qf2
Bxb5 22. Bxb5 Ne4 23. Qe3 Qxb5 24. Ng3 Qb7 25. Nxe4 dxe4 26. Ng5 h6 27. Nxe6
Rfe8 28. f5 Nc6 29. c3 Ne5 30. Nc5 Rxc5 31. Qxc5 Ng4 32. h3 Nf6 33. Qc4+ Kh7
34. Qe2 Qc7 35. Rfc1 Re5 36. Rxa6 Rxf5 37. Rxf6 Rxf6 38. Qxe4+ Kg8 39. c4 Rf4
40. Qd5+ Kh7 41. b5 Qe7 42. Qd3+ Kh8 43. c5 Qg5 44. c6 Rf5 45. Qxf5 Qxc1+ 46.
Kh2 Qa3 47. Qd5 1-0

[Event "Semiahmoo op"]
[Site "White Rock CAN"]
[Date "2018.08.04"]
[Round "1.3"]
[White "Sanetullaev, Alisher"]
[Black "Lehingrat, Callum"]
[Result "1-0"]
[WhiteElo "2147"]
[BlackElo "1982"]
[PlyCount "47"]
[EventDate "2018.08.04"]
[EventType "swiss"]
[EventRounds "6"]
[EventCountry "CAN"]

1. e4 c5 2. Nf3 d6 3. d4 cxd4 4. Nxd4 Nf6 5. Nc3 a6 6. Bg5 e6 7. f4 Be7 8. Qf3
Qc7 9. O-O-O Nbd7 10. Bd3 h6 11. Qh3 b5 12. Rhe1 Bb7 13. e5 dxe5 14. Nxe6 fxe6
15. Bg6+ Kd8 16. Bxf6 gxf6 17. Qxe6 Bc6 18. fxe5 fxe5 19. Rxe5 Kc8 20. Nd5 Bxd5
21. Rexd5 Bg5+ 22. Kb1 Rd8 23. Be8 Qxh2 24. Bxd7+ 1-0

[Event "Semiahmoo op"]
[Site "White Rock CAN"]
[Date "2018.08.04"]
[Round "1.4"]
[White "Chung, Alec"]
[Black "Cheng, Louis"]
[Result "1/2-1/2"]
[WhiteElo "1938"]
[BlackElo "2140"]
[PlyCount "50"]
[EventDate "2018.08.04"]
[EventType "swiss"]
[EventRounds "6"]
[EventCountry "CAN"]

1. c4 Nf6 2. Nc3 c6 3. e4 e5 4. g3 Bc5 5. Bg2 O-O 6. Nge2 Ng4 7. O-O Qf6 8. Qe1
Na6 9. a3 d6 10. h3 Nh6 11. d3 Qg6 12. b4 Bb6 13. Kh2 f5 14. f4 Ng4+ 15. Kh1
fxe4 16. Nxe4 Ne3 17. Bxe3 Bxe3 18. fxe5 Rxf1+ 19. Qxf1 dxe5 20. Qf3 Bg5 21.
Nxg5 Qxg5 22. Rf1 Be6 23. Nc3 Qe7 24. Qe4 Qd7 25. Kh2 Re8 1/2-1/2

[Event "Semiahmoo op"]
[Site "White Rock CAN"]
[Date "2018.08.04"]
[Round "1.5"]
[White "Hiebert, Kenji"]
[Black "Zheng, Maven"]
[Result "1-0"]
[WhiteElo "2127"]
[BlackElo "1932"]
[PlyCount "93"]
[EventDate "2018.08.04"]
[EventType "swiss"]
[EventRounds "6"]
[EventCountry "CAN"]

1. Nf3 d5 2. d4 Nf6 3. c4 e6 4. Nc3 Be7 5. Bf4 O-O 6. e3 Nbd7 7. c5 c6 8. Bd3
b6 9. b4 a5 10. a3 Nh5 11. O-O Nxf4 12. exf4 Ba6 13. Ne5 Qc8 14. Nxc6 Qxc6 15.
Bxa6 bxc5 16. Bb5 Qc7 17. bxc5 Rfc8 18. Rb1 Bf6 19. Na4 Bd8 20. Bxd7 Qxd7 21.
Nb6 Bxb6 22. Rxb6 Rcb8 23. Qb3 Qc7 24. Rb1 Rc8 25. g3 Kf8 26. f5 Qd7 27. fxe6
fxe6 28. Qe3 Re8 29. Rb7 Qd8 30. R1b6 Qf6 31. c6 Rac8 32. f4 h6 33. Ra7 Qd8 34.
Rbb7 Qf6 35. Qc3 Kg8 36. c7 Qf7 37. Rxa5 Qh5 38. Qd3 Qf7 39. Rc5 Kh8 40. Qb3
Qf8 41. a4 Qd6 42. Qb6 Qd7 43. Rc6 e5 44. dxe5 Qg4 45. Qd4 Qd7 46. Rc5 Rg8 47.
a5 1-0

[Event "Semiahmoo op"]
[Site "White Rock CAN"]
[Date "2018.08.04"]
[Round "1.6"]
[White "Gu, Chuyang"]
[Black "Chandra, Anand Rishi"]
[Result "0-1"]
[WhiteElo "1842"]
[BlackElo "2092"]
[PlyCount "90"]
[EventDate "2018.08.04"]
[EventType "swiss"]
[EventRounds "6"]
[EventCountry "CAN"]

1. e4 e5 2. Nf3 Nc6 3. Bb5 Nf6 4. O-O Nxe4 5. d4 Nd6 6. Bxc6 dxc6 7. dxe5 Nf5
8. Qxd8+ Kxd8 9. Nc3 Be6 10. Bf4 Ke8 11. a3 h5 12. Ne4 Bd5 13. Ned2 Rd8 14.
Rfe1 b5 15. Ng5 Be7 16. Ndf3 Rg8 17. Rad1 g6 18. b4 a5 19. c3 c5 20. e6 fxe6
21. Bxc7 Rd7 22. Bxa5 c4 23. Bb6 Rf8 24. Rd2 Bxf3 25. Nxf3 Rxd2 26. Nxd2 Kd7
27. Ne4 Rb8 28. Bc5 Ra8 29. Bxe7 Kxe7 30. Ra1 Nd6 31. Nc5 e5 32. f3 g5 33. Kf2
Kf6 34. Rd1 Ke7 35. Ra1 Kf6 36. g3 g4 37. Ke3 gxf3 38. Kxf3 Ra7 39. Ne4+ Nxe4
40. Kxe4 Ke6 41. h3 Ra8 42. Rf1 Rxa3 43. Rf3 Ra1 44. Rf8 Re1+ 45. Kf3 Rf1+ 0-1

[Event "Semiahmoo op"]
[Site "White Rock CAN"]
[Date "2018.08.04"]
[Round "1.7"]
[White "Ferguson, Peter"]
[Black "Landingin, Jofrei"]
[Result "1-0"]
[WhiteElo "2067"]
[BlackElo "1816"]
[PlyCount "87"]
[EventDate "2018.08.04"]
[EventType "swiss"]
[EventRounds "6"]
[EventCountry "CAN"]

1. e4 g6 2. d4 d6 3. c4 Bg7 4. Nc3 Nf6 5. Nf3 O-O 6. Be2 c5 7. d5 Bg4 8. O-O
Nbd7 9. h3 Bxf3 10. Bxf3 a6 11. Be2 Rb8 12. a4 b6 13. f4 Ne8 14. Qc2 Qc7 15.
Bd2 Nef6 16. g4 Kh8 17. Be1 Rbe8 18. Bg3 Ng8 19. Rad1 Qb8 20. Bd3 Nh6 21. g5
Ng8 22. h4 h5 23. e5 dxe5 24. Bxg6 fxg6 25. Qxg6 exf4 26. Qxh5+ Nh6 27. Rxf4
Rxf4 28. Bxf4 Qxf4 29. Qxe8+ Nf8 30. Qh5 Bd4+ 31. Kg2 Qg4+ 32. Qxg4 Nxg4 33.
Kf3 Ne3 34. Re1 Nf5 35. h5 Bxc3 36. bxc3 Nd6 37. Rxe7 Nxc4 38. g6 Kg8 39. Kf4
Nb2 40. Kf5 Nxa4 41. h6 Nxc3 42. h7+ Nxh7 43. gxh7+ Kf8 44. d6 1-0

[Event "Semiahmoo op"]
[Site "White Rock CAN"]
[Date "2018.08.04"]
[Round "1.8"]
[White "Ingram, Richard"]
[Black "Tian, Sherry"]
[Result "0-1"]
[WhiteElo "1630"]
[BlackElo "2028"]
[PlyCount "128"]
[EventDate "2018.08.04"]
[EventType "swiss"]
[EventRounds "6"]
[EventCountry "CAN"]

1. e4 e6 2. d4 d5 3. Nd2 dxe4 4. Nxe4 Nd7 5. Nf3 Ngf6 6. Nxf6+ Nxf6 7. Bg5 Be7
8. Bb5+ Bd7 9. Qe2 O-O 10. O-O a6 11. Bxd7 Qxd7 12. Rfd1 Rfd8 13. Rd2 Qa4 14.
a3 h6 15. Bf4 c5 16. Rad1 Rac8 17. Bg3 Qc6 18. c3 c4 19. Re1 Qd5 20. Ne5 Bd6
21. Bh4 g5 22. Bg3 Bxe5 23. Bxe5 Nd7 24. Bg3 Qf5 25. h4 Nf6 26. Qe5 Qxe5 27.
Rxe5 Rd5 28. Rde2 Rcd8 29. hxg5 hxg5 30. Rxd5 Rxd5 31. Re5 Kg7 32. Kf1 Kg6 33.
Ke2 Rxe5+ 34. Bxe5 Nd5 35. g3 g4 36. Kd2 Kf5 37. a4 Ke4 38. a5 Kf3 39. Ke1 b6
40. axb6 Nxb6 41. Bf4 Na4 42. Bc1 f6 43. Kf1 Nb6 44. Bh6 Nd7 45. Ke1 Nb8 46.
Be3 Nc6 47. Kd2 a5 48. Ke1 a4 49. Bf4 Na5 50. Bd6 Nb3 51. Bf4 e5 52. dxe5 fxe5
53. Be3 Na5 54. Bb6 Nb7 55. Be3 Nd6 56. Bc5 Ne4 57. Bb6 Nxc3 58. Bc7 e4 59. Bd6
Nd5 60. Bc5 c3 61. bxc3 Nxc3 62. Kd2 Ne2 63. Kc2 Ng1 64. Kc3 Nh3 0-1

[Event "Semiahmoo op"]
[Site "White Rock CAN"]
[Date "2018.08.04"]
[Round "1.9"]
[White "Li, James"]
[Black "Zheng, Victor"]
[Result "1-0"]
[WhiteElo "2003"]
[BlackElo "1808"]
[PlyCount "67"]
[EventDate "2018.08.04"]
[EventType "swiss"]
[EventRounds "6"]
[EventCountry "CAN"]

1. e4 c5 2. Nf3 d6 3. d4 cxd4 4. Nxd4 Nf6 5. Nc3 a6 6. Bc4 e6 7. a3 Be7 8. O-O
b5 9. Ba2 Bb7 10. Bxe6 fxe6 11. Nxe6 Qd7 12. Nxg7+ Kd8 13. Nd5 Rg8 14. Nh5 Nxe4
15. f3 Qf5 16. fxe4 Qxe4 17. Nhf4 Bxd5 18. Qxd5 Rxg2+ 19. Kh1 Qxd5 20. Nxd5
Rxc2 21. Rf7 Nc6 22. Nxe7 Ke8 23. Rxh7 Ra7 24. Bg5 Nxe7 25. Re1 Rcc7 26. Rexe7+
Rxe7 27. Rxe7+ Rxe7 28. Bxe7 Kxe7 29. Kg2 Ke6 30. Kf3 a5 31. Ke4 b4 32. axb4
axb4 33. b3 Kf6 34. Kd5 1-0

[Event "Semiahmoo op"]
[Site "White Rock CAN"]
[Date "2018.08.04"]
[Round "2.1"]
[White "Chandra, Anand Rishi"]
[Black "Nunez Asencio, Jorge"]
[Result "0-1"]
[WhiteElo "2092"]
[BlackElo "2231"]
[PlyCount "214"]
[EventDate "2018.08.04"]
[EventType "swiss"]
[EventRounds "6"]
[EventCountry "CAN"]

1. e4 c5 2. Nf3 Nc6 3. d4 cxd4 4. Nxd4 Qb6 5. Nb3 Nf6 6. Nc3 e6 7. Be3 Qc7 8.
a3 a6 9. Be2 b5 10. O-O d6 11. f4 Bb7 12. Bf3 Be7 13. Qe2 O-O 14. Rad1 Rac8 15.
g4 Na5 16. g5 Nd7 17. Nxa5 Qxa5 18. Nb1 Qc7 19. c3 Nb6 20. Nd2 Rfe8 21. Qg2 Bf8
22. h4 Rcd8 23. Rf2 e5 24. f5 d5 25. Rff1 d4 26. cxd4 exd4 27. Bf2 Qc2 28. g6
fxg6 29. fxg6 h6 30. e5 Bxf3 31. Nxf3 Qxb2 32. Nxd4 Nc4 33. Nc6 Rc8 34. Rfe1
Qc2 35. Nd4 Qc3 36. e6 Bc5 37. Nf5 Qf6 38. Nd4 Ne5 39. Rxe5 Qxe5 40. Re1 Qf6
41. Qe4 Rcd8 42. Nf5 Bxf2+ 43. Kxf2 Rd6 44. e7 Qxg6 45. Nxd6 Qxd6 46. Qe3 Qh2+
47. Kf1 Qh1+ 48. Kf2 Qxh4+ 49. Kf1 Qh1+ 50. Kf2 Qh5 51. Qe4 Qf7+ 52. Kg1 a5 53.
Re3 g6 54. Re1 Kg7 55. Qd4+ Kh7 56. Qe4 Qf6 57. Qb7 Qg5+ 58. Kf1 Qf6+ 59. Kg1
Kg7 60. Kg2 h5 61. Qxb5 Rxe7 62. Rxe7+ Qxe7 63. Qxa5 Qe2+ 64. Kg1 Qg4+ 65. Kh1
Qh3+ 66. Kg1 Qg3+ 67. Kh1 h4 68. Qa7+ Kh6 69. Qa8 Kg5 70. Qd5+ Kf6 71. Qc6+ Kf5
72. Qb5+ Qe5 73. Qf1+ Kg5 74. Qc1+ Kh5 75. Qd1+ Kg5 76. Qc1+ Kh5 77. Qd1+ Kh6
78. Qd2+ g5 79. Qd7 Qa1+ 80. Kg2 Qb2+ 81. Kh1 Qa1+ 82. Kg2 Qa2+ 83. Kh1 Qxa3
84. Qe6+ Kg7 85. Qd7+ Kf6 86. Qc6+ Ke7 87. Qc7+ Ke6 88. Qc6+ Qd6 89. Qe4+ Qe5
90. Qc6+ Kf5 91. Qf3+ Kg6 92. Qc6+ Kh5 93. Qf3+ g4 94. Qf7+ Kg5 95. Qg8+ Kf4
96. Qf8+ Qf5 97. Qd6+ Kg5 98. Qe7+ Qf6 99. Qe3+ Kh5 100. Qc5+ Qg5 101. Qf8 Qc1+
102. Kh2 g3+ 103. Kg2 Qd2+ 104. Kf1 Qd1+ 105. Kg2 Qe2+ 106. Kg1 Qh2+ 107. Kf1
g2+ 0-1

[Event "Semiahmoo op"]
[Site "White Rock CAN"]
[Date "2018.08.04"]
[Round "2.2"]
[White "Ferguson, Peter"]
[Black "Sanetullaev, Alisher"]
[Result "0-1"]
[WhiteElo "2067"]
[BlackElo "2147"]
[PlyCount "94"]
[EventDate "2018.08.04"]
[EventType "swiss"]
[EventRounds "6"]
[EventCountry "CAN"]

1. e4 e5 2. Nf3 Nc6 3. Bc4 Bc5 4. b4 Bxb4 5. c3 Ba5 6. d4 exd4 7. O-O Nf6 8. e5
d5 9. Bb5 Ne4 10. Nxd4 Bd7 11. Qb3 Nxd4 12. Bxd7+ Qxd7 13. cxd4 Bb6 14. Rd1 h6
15. Be3 O-O 16. f3 Ng5 17. Nc3 c6 18. Na4 Qc7 19. Rab1 Rfb8 20. Bxg5 hxg5 21.
Qe3 Qe7 22. Rd2 Ba5 23. Rdb2 b6 24. Nc5 Re8 25. Nb3 Bb4 26. Rc2 Rac8 27. Qc1
Ba3 28. Qf1 Qd7 29. Qa6 Bf8 30. Rbc1 Rc7 31. a4 Ba3 32. Ra1 Qf5 33. Qe2 Bf8 34.
a5 c5 35. axb6 axb6 36. Ra6 Rb7 37. g4 Qf4 38. dxc5 bxc5 39. Nxc5 Qd4+ 40. Kg2
Bxc5 41. e6 Qg1+ 42. Kh3 f5 43. gxf5 g4+ 44. Kh4 Be7+ 45. Kh5 gxf3 46. Qd2 Rb4
47. h3 Rh4# 0-1

[Event "Semiahmoo op"]
[Site "White Rock CAN"]
[Date "2018.08.04"]
[Round "2.3"]
[White "Tian, Sherry"]
[Black "Hiebert, Kenji"]
[Result "1/2-1/2"]
[WhiteElo "2028"]
[BlackElo "2127"]
[PlyCount "97"]
[EventDate "2018.08.04"]
[EventType "swiss"]
[EventRounds "6"]
[EventCountry "CAN"]

1. d4 Nf6 2. Nf3 e6 3. g3 b6 4. Bg2 Bb7 5. O-O Be7 6. c4 O-O 7. Nc3 Ne4 8. Qc2
Nxc3 9. Qxc3 f5 10. Rd1 d6 11. Be3 Bf6 12. Qc2 Be4 13. Qd2 Qe7 14. Rac1 Nd7 15.
b3 Rad8 16. Ne1 Bxg2 17. Kxg2 g6 18. f3 e5 19. dxe5 dxe5 20. Nd3 Nb8 21. Qb4 c5
22. Qe1 Nc6 23. Qf2 Rfe8 24. Ne1 f4 25. Bd2 Bg5 26. e3 Rf8 27. e4 fxg3 28. hxg3
Nd4 29. Be3 h5 30. Bxd4 Bxc1 31. Rxc1 Rxd4 32. Nc2 Qg5 33. Re1 Rd2 34. Re2 Rxe2
35. Qxe2 Rd8 36. Ne3 Rd4 37. Kh3 Kg7 38. a3 Kh8 39. b4 Qd8 40. Nd5 cxb4 41. Qe3
Kg7 42. f4 Qc8+ 43. f5 Rxc4 44. Qg5 Qc6 45. Qe7+ Kh6 46. Qf8+ Kg5 47. Qe7+ Kh6
48. Qf8+ Kg5 49. Qe7+ 1/2-1/2

[Event "Semiahmoo op"]
[Site "White Rock CAN"]
[Date "2018.08.04"]
[Round "2.4"]
[White "Cheng, Louis"]
[Black "Doknjas, Neil"]
[Result "1/2-1/2"]
[WhiteElo "2140"]
[BlackElo "1989"]
[PlyCount "108"]
[EventDate "2018.08.04"]
[EventType "swiss"]
[EventRounds "6"]
[EventCountry "CAN"]

1. d4 d5 2. Nf3 Nf6 3. Bg5 e6 4. Nc3 Be7 5. e3 h6 6. Bh4 O-O 7. Bd3 b6 8. Ne5
Bb7 9. O-O c5 10. f4 Nc6 11. f5 cxd4 12. Nxc6 Bxc6 13. exd4 Ne4 14. Bxe7 Qxe7
15. fxe6 fxe6 16. Nxe4 dxe4 17. Bc4 Kh8 18. Qe2 Bd5 19. c3 Qg5 20. Rae1 Rf6 21.
Bxd5 exd5 22. Rxf6 gxf6 23. c4 Re8 24. cxd5 Qxd5 25. Qe3 Qg5 26. Qxg5 hxg5 27.
g4 e3 28. Kg2 Re4 29. Kf3 Rxd4 30. Rxe3 Rd2 31. Re2 Rd7 32. Ke4 Re7+ 33. Kd3
Rc7 34. Rc2 Re7 35. Kd4 Kg7 36. Kd5 Kg6 37. Rf2 Re5+ 38. Kc6 Re4 39. h3 Re3 40.
Rh2 f5 41. gxf5+ Kxf5 42. Rf2+ Ke4 43. Kb7 Rxh3 44. Kxa7 Rh6 45. b4 b5 46. a4
bxa4 47. Ra2 Kd4 48. b5 Kc5 49. b6 Kb4 50. b7 Rh7 51. Rb2+ Kc3 52. Rg2 a3 53.
Rxg5 Rxb7+ 54. Kxb7 a2 1/2-1/2

[Event "Semiahmoo op"]
[Site "White Rock CAN"]
[Date "2018.08.04"]
[Round "2.5"]
[White "Patterson, Roger"]
[Black "Chung, Alec"]
[Result "1/2-1/2"]
[WhiteElo "2027"]
[BlackElo "1938"]
[PlyCount "97"]
[EventDate "2018.08.04"]
[EventType "swiss"]
[EventRounds "6"]
[EventCountry "CAN"]

1. c4 Nf6 2. Nc3 d5 3. cxd5 Nxd5 4. Nf3 g6 5. g3 Bg7 6. Bg2 O-O 7. O-O c5 8. a3
Nc6 9. Qc2 Nxc3 10. bxc3 Qc7 11. d4 Bg4 12. d5 Ne5 13. Bf4 Bxf3 14. exf3 h6 15.
Rfe1 g5 16. Bxe5 Bxe5 17. Rab1 Rab8 18. c4 Rfe8 19. Bh3 Bd4 20. Re4 a6 21. f4
Bf6 22. fxg5 hxg5 23. Bf1 Qd7 24. Bd3 e6 25. dxe6 Rxe6 26. Rxe6 Qxe6 27. Be4 b6
28. Bd5 Qe7 29. Rb3 Bd4 30. Rf3 Rf8 31. Qg6+ Bg7 32. Rf5 Qe1+ 33. Kg2 Qe4+ 34.
Bxe4 fxg6 35. Bd5+ Kh7 36. Rxf8 Bxf8 37. a4 Kg7 38. Kf3 Kf6 39. Ke4 a5 40. Bg8
Bd6 41. Kd5 Be5 42. Kc6 Bc3 43. Kxb6 Bb4 44. f3 Kg7 45. Bd5 Kf6 46. Be4 Kg7 47.
Kc6 Kf6 48. Kd5 Ba3 49. Kd6 1/2-1/2